| 000 | 00582nam a22001817a 4500 | ||
|---|---|---|---|
| 999 |
_c182697 _d182697 |
||
| 005 | 20211202105128.0 | ||
| 010 | _aENG-130167 | ||
| 020 |
_a978-93-88126-39-7 _c700.00 |
||
| 035 | _aEN-113699 | ||
| 037 | _bDBAD/PUB | ||
| 082 | _a370.1 | ||
| 100 | _aNatarasan, Ayesha Era. | ||
| 245 |
_aThe Learning Teacher _cAyesha Era. Natarasan |
||
| 260 |
_aChennai _bIndian Universities Press _c2018 |
||
| 270 |
_bChennai _e600018 _a7, Elango Salai, Teynampet _mthamizhbooks@gmail.com _k044-24332424 |
||
| 300 |
_a175p. _c22cm(hbk) _bAppendix |
||
| 942 |
_2ddc _cEN _h370.1 _mAYE |
||